Per sempre insieme, amen /

Saved in:
Bibliografiske detaljer
Hovedforfatter: Kuijer, Guus (Author)
Andre forfattere: Freschi, Valentina (Translator), Hoogstad, Alice (Illustrator)
Format: Bog
Sprog:italiensk
Udgivet: Milano : Feltrinelli, 2012
Serier:Feltrinelli kids
Tags: Tilføj Tag
Ingen Tags, Vær først til at tagge denne postø!

MARC

LEADER 00000nam a22000007i 4500
001 IT\ICCU\RAV\1961768
003 ItRI
005 20260115232045.0
008 120611s2012 it |||||| ||||| |||||c
020 |a 9788807921834 
040 |b ita  |c importazione bologna sebina 
041 7 |a ita  |2 ISO-639-2 
082 |a 839.31364  |9 NARRATIVA OLANDESE. 1945-1999  |2 21 
100 1 |a Kuijer, Guus  |0 IT\ICCU\RAVV\066837  |4 aut 
240 1 0 |a Voor altijd Samen Amen.  |3 IT\ICCU\RAV\1961770  |9 Kuijer, Guus 
245 1 0 |a Per sempre insieme, amen /  |c Guus Kuijer ; traduzione di Valentina Freschi ; illustrazioni di Alice Hoogstad. 
260 |a Milano :  |b Feltrinelli,  |c 2012 
300 |a 92 p. :  |b ill. ;  |c 23 cm 
700 1 |a Freschi, Valentina  |0 IT\ICCU\PARV\541921  |4 trl 
700 1 |a Hoogstad, Alice  |0 IT\ICCU\RAVV\673953  |4 ill 
830 0 |a Feltrinelli kids  |0 IT\ICCU\RAV\0331656 
942 |2 ddc  |c BK  |n 0 
952 |0 0  |1 0  |4 0  |6 R_839_313000000000000_KUI  |7 0  |9 19302  |a BO  |b BO  |d 2026-01-15  |i 17333  |l 0  |o R 839.313 KUI  |p BO17333  |r 2026-01-15 23:20:45  |w 2026-01-15  |x [Sebina 5] [1 v.]  |y BK  |z 1 v. 
999 |c 16431  |d 16431